000 nam a22 7a 4500
999 _c234664
_d234664
003 Nust
005 20170329122335.0
008 170329b xxu||||| |||| 00| 0 eng d
040 _cDLC
082 _a363.1256 AND
100 _aAnderson,R
245 _aNoteworthy Practices : Adressing Safety on Locally Owned and Maintained Roads
_cAnderson,R
260 _aWashington :
_b2010
700 _aAnderson,R
942 _2ddc
_cBK